000 00647nam a2200229Ia 4500
003 OSt
005 20220918221412.0
006 a|||||r|||| 00| 0
007 ta
008 220917b |||||||| |||| 00| 0 eng d
024 _a156,661
037 _cTextual
040 _aARTS
_cARTS
_beng
041 _2eng
_aeng
082 _aQ2.2, N9
245 0 _aOrganizational and institutional aspects of Indian religious movements edited by Joseph T. O'Connell
260 _aShimla
_bIndian Institute of advanced study
_c1999
300 _av,292p.
_ccm.
650 _aRELIGION
942 _hQ2.2, N9
_cTEXL
_2CC
999 _c272395
_d272395